[Event "Sunningdale e2e4 U1800 op 04"]
[Site "Sunningdale"]
[Date "2014.04.18"]
[Round "2"]
[White "Gibson, John"]
[Black "Golding, James"]
[Result "1/2-1/2"]
[WhiteElo "1743"]
[BlackElo "1582"]
[PlyCount "116"]
[EventDate "2014.04.17"]
[EventType "swiss"]
[EventRounds "7"]
[EventCountry "ENG"]
[SourceTitle "EXT 2015"]
[Source "ChessBase"]
[SourceDate "2014.11.20"]
[SourceVersion "1"]
[SourceVersionDate "2014.11.20"]
[SourceQuality "1"]

1. b3 d5 2. Bb2 Bf5 3. e3 e6 4. Nf3 Nf6 5. d4 Bb4+ 6. c3 Ba5 7. b4 Bb6 8. Nbd2 Qe7 9. a4 c6 10. Be2 Nbd7 11. 0-0 0-0 12. c4 Qxb4 13. Ba3 Qc3 14. Bxf8 Rxf8 15. Qb3 Qxb3 16. Nxb3 Ne4 17. Rfc1 h6 18. c5 Bc7 19. a5 a6 20. Nfd2 Ndf6 21. f3 Nxd2 22. Nxd2 e5 23. Rc3 exd4 24. exd4 Bf4 25. Nf1 Re8 26. Kf2 h5 27. Bd3 Be6 28. Rb3 Re7 29. Rab1 Bc8 30. Re1 Kf8 31. Rxe7 Kxe7 32. g3 Bc7 33. Ra3 g6 34. Ne3 Nh7 35. h4 Nf8 36. f4 f5 37. Nc2 Nh7 38. Ne1 Nf6 39. Nf3 Ne4+ 40. Bxe4 fxe4 41. Ng5 Bd8 42. Ke3 Kf8 43. Kd2 Ke8 44. Kc3 Bg4 45. Ra1 Bc8 46. Kb4 Kf8 47. Rh1 Bf6 48. Nh7+ Kg7 49. Nxf6 Kxf6 50. Kc3 Kf5 51. Kd2 Kg4 52. Ke2 Bf5 53. Kf2 Bc8 54. Kg2 Bf5 55. Re1 Bc8 56. Re3 Kf5 57. Rb3 Kg4 58. Kf2 Kf5 1/2-1/2

[Event "Guernsey Holiday op"]
[Site "Guernsey"]
[Date "2012.10.24"]
[Round "4"]
[White "Gibson, John"]
[Black "Vonhoff, Joerg"]
[Result "1/2-1/2"]
[WhiteElo "1780"]
[BlackElo "1658"]
[PlyCount "54"]
[EventDate "2012.10.21"]
[EventType "swiss"]
[EventRounds "7"]
[EventCountry "GCI"]
[SourceTitle "EXT 2015"]
[Source "ChessBase"]
[SourceDate "2014.11.20"]
[SourceVersion "1"]
[SourceVersionDate "2014.11.20"]
[SourceQuality "1"]

1. d4 Nf6 2. Nf3 g6 3. e3 Bg7 4. Bd3 d6 5. 0-0 0-0 6. c4 Nbd7 7. Nc3 e5 8. Rb1 Re8 9. Qc2 Qe7 10. e4 exd4 11. Nb5 Ne5 12. Nxe5 dxe5 13. f4 a6 14. fxe5 axb5 15. exf6 Bxf6 16. cxb5 Be6 17. b3 Rec8 18. Qf2 Bg7 19. Bf4 c5 20. Rbc1 b6 21. Rc2 Ra7 22. e5 Bd5 23. Re1 Qd7 24. Rec1 Rca8 25. h3 Re8 26. Re2 Re6 27. Rce1 Qe8 1/2-1/2

[Event "FRA-ch Seniors"]
[Site "Caen"]
[Date "2011.08.26"]
[Round "10"]
[White "Gibson, John"]
[Black "Audiffren, Roger"]
[Result "1-0"]
[WhiteElo "1865"]
[BlackElo "2005"]
[PlyCount "117"]
[EventDate "2011.08.16"]
[EventType "swiss"]
[EventRounds "11"]
[EventCountry "FRA"]
[SourceTitle "CBM 144 Extra"]
[Source "ChessBase"]
[SourceDate "2011.10.28"]
[SourceVersion "1"]
[SourceVersionDate "2011.10.28"]
[SourceQuality "1"]

1. f4 d5 2. Nf3 c5 3. g3 Nc6 4. Bg2 h6 5. 0-0 Bf5 6. d3 Nf6 7. a3 e6 8. Qe1 Be7 9. h3 h5 10. Nh4 Bh7 11. Nc3 d4 12. Ne4 Nxe4 13. dxe4 Bxh4 14. gxh4 Qd7 15. b4 c4 16. b5 Ne7 17. a4 0-0 18. Ba3 Rfc8 19. Bxe7 Qxe7 20. f5 exf5 21. exf5 Re8 22. Qg3 Rab8 23. Rad1 Rbd8 24. c3 Qc5 25. Qf2 Qe5 26. cxd4 Qxe2 27. Qxe2 Rxe2 28. Bxb7 g6 29. f6 g5 30. Bf3 Ra2 31. Ra1 Rb2 32. Rac1 Bd3 33. Rf2 Rb4 34. hxg5 Rxa4 35. Bc6 a6 36. b6 Rb4 37. b7 Rb6 38. d5 Kh7 39. h4 Kg6 40. Ra2 Rb8 41. Ra3 R8xb7 42. Bxb7 Rxb7 43. Ra5 Rd7 44. Rc5 Kf5 45. Re1 Rb7 46. d6+ Kg4 47. Rc7 Rb2 48. Rce7 Rb6 49. d7 Rd6 50. Rxf7 c3 51. Rfe7 Bg6 52. f7 Bxf7 53. Rxf7 c2 54. Kg2 Kxh4 55. Rc1 Rd2+ 56. Rf2 Rxd7 57. Rcxc2 Rd5 58. Rc4+ Kxg5 59. Ra4 1-0

[Event "FRA-ch Seniors"]
[Site "Caen"]
[Date "2011.08.25"]
[Round "9"]
[White "Basic, Bosko"]
[Black "Gibson, John"]
[Result "1-0"]
[WhiteElo "2067"]
[BlackElo "1865"]
[PlyCount "81"]
[EventDate "2011.08.16"]
[EventType "swiss"]
[EventRounds "11"]
[EventCountry "FRA"]
[SourceTitle "CBM 144 Extra"]
[Source "ChessBase"]
[SourceDate "2011.10.28"]
[SourceVersion "1"]
[SourceVersionDate "2011.10.28"]
[SourceQuality "1"]

1. Nf3 d6 2. d4 Nf6 3. g3 g6 4. Bg2 Bg7 5. c4 0-0 6. 0-0 c5 7. d5 Nbd7 8. Nc3 Nb6 9. Qd3 Bd7 10. e4 Qc7 11. Re1 Ng4 12. b3 Rae8 13. h3 Nh6 14. Bf4 f6 15. a4 a6 16. Rac1 Nf7 17. Qd2 Qc8 18. h4 Bh3 19. Kh2 Bxg2 20. Kxg2 Nd7 21. Nd1 Nde5 22. Nxe5 Nxe5 23. Qe2 h6 24. h5 gxh5 25. Bxe5 fxe5 26. Qxh5 Rf6 27. Ne3 Ref8 28. Nf5 Qe8 29. Qh3 Qf7 30. Rh1 Rg6 31. Rc3 Kh7 32. Rf3 Qf6 33. Nh4 Qxf3+ 34. Nxf3 Rgf6 35. Qg4 Rxf3 36. Qxf3 Rxf3 37. Kxf3 Bf6 38. a5 Bg5 39. Ke2 e6 40. dxe6 Kg7 41. b4 1-0

[Event "Guernsey op"]
[Site "Grand Havre Bay"]
[Date "2010.10.22"]
[Round "6"]
[White "Bakker, Joop"]
[Black "Gibson, John"]
[Result "1-0"]
[WhiteElo "2019"]
[BlackElo "1873"]
[PlyCount "53"]
[EventDate "2010.10.17"]
[EventType "swiss"]
[EventRounds "7"]
[EventCountry "GCI"]
[SourceTitle "EXT 2011"]
[Source "ChessBase"]
[SourceDate "2010.11.26"]
[SourceVersion "1"]
[SourceVersionDate "2010.11.26"]
[SourceQuality "1"]

1. f4 e5 2. fxe5 d6 3. exd6 Bxd6 4. Nf3 g5 5. d4 g4 6. Ne5 f6 7. Nc4 Be6 8. Nxd6+ Qxd6 9. e4 Nd7 10. Nc3 c6 11. g3 Qe7 12. Bf4 f5 13. Qe2 fxe4 14. Nxe4 Ndf6 15. Nd6+ Kf8 16. 0-0-0 Ne8 17. Nxe8 Rxe8 18. Bg2 Nf6 19. Rhf1 Kg7 20. Bg5 Rhf8 21. Rde1 Qb4 22. Qe5 Bf5 23. Bxf6+ Rxf6 24. Qxe8 Qc4 25. Qe7+ Kg6 26. Be4 Qxa2 27. Bxf5+ 1-0

[Event "Guernsey Holiday op"]
[Site "Guernsey"]
[Date "2009.10.20"]
[Round "3"]
[White "Wallace, Mitchel"]
[Black "Gibson, John"]
[Result "0-1"]
[WhiteElo "1690"]
[BlackElo "1750"]
[PlyCount "82"]
[EventDate "2009.10.18"]
[EventType "swiss"]
[EventRounds "7"]
[EventCountry "GCI"]
[SourceTitle "EXT 2015"]
[Source "ChessBase"]
[SourceDate "2014.11.20"]
[SourceVersion "1"]
[SourceVersionDate "2014.11.20"]
[SourceQuality "1"]

1. e4 d6 2. d4 Nf6 3. Nc3 Nbd7 4. f4 e5 5. Nf3 exd4 6. Nxd4 Nc5 7. Bb5+ c6 8. Nxc6 bxc6 9. Bxc6+ Bd7 10. Bxa8 Qxa8 11. Nd5 Nxd5 12. exd5 Be7 13. Qe2 Qxd5 14. 0-0 Ne6 15. c4 Qc6 16. Re1 0-0 17. Be3 Re8 18. Rac1 Bf6 19. Qf2 Nc5 20. Bxc5 Rxe1+ 21. Rxe1 dxc5 22. Qe2 Kf8 23. b3 Qd6 24. Qe4 Bc6 25. Qxh7 Qd4+ 26. Kh1 g6 27. Qh3 Qf2 28. Rd1 Qe2 29. Rc1 Qd2 30. Rf1 Be4 31. Qh6+ Kg8 32. Qh3 Bd3 33. Qd7 Bd4 34. Qe8+ Kg7 35. Re1 Bc3 36. Rg1 Qxf4 37. Qd7 Bf5 38. Qd1 Be5 39. g3 Be4+ 40. Rg2 Qf2 41. Qg1 Qxg2+ 0-1

[Event "Guernsey Holiday op"]
[Site "Grand Harve Bay"]
[Date "2006.10.21"]
[Round "7"]
[White "Gibson, John"]
[Black "Carlucci, Paul A"]
[Result "0-1"]
[WhiteElo "1744"]
[BlackElo "1728"]
[PlyCount "104"]
[EventDate "2006.10.15"]
[EventType "swiss"]
[EventRounds "7"]
[EventCountry "GCI"]
[SourceTitle "EXT 2008"]
[Source "ChessBase"]
[SourceDate "2007.11.25"]
[SourceVersion "1"]
[SourceVersionDate "2007.11.25"]
[SourceQuality "1"]

1. d4 Nf6 2. Nf3 e6 3. Nc3 d5 4. Bf4 Bd6 5. Ne5 Nh5 6. Bd2 Nf6 7. f4 c5 8. e3 Nc6 9. Bb5 Bd7 10. Bxc6 Bxc6 11. 0-0 Rc8 12. Qf3 0-0 13. Be1 cxd4 14. exd4 Bxe5 15. fxe5 Ne4 16. Rd1 f5 17. Qh5 Qb6 18. Rf3 Be8 19. Qh4 Qxb2 20. Nxe4 dxe4 21. Rb3 Qxc2 22. Rd2 Qc7 23. Rdb2 b6 24. Rh3 Bg6 25. Rc3 Qd7 26. Qf2 Rxc3 27. Bxc3 Rc8 28. Bd2 Rc4 29. Be3 Qc8 30. Qd2 Be8 31. Kf2 Ba4 32. d5 exd5 33. Qxd5+ Kh8 34. Rd2 Rc2 35. Kg3 Rxd2 36. Bxd2 Bd7 37. Kf4 Be6 38. Qd6 h6 39. h4 Qc4 40. Be3 Qf1+ 41. Kg3 Qe1+ 42. Bf2 f4+ 43. Kh2 Qxf2 44. Qxe6 Qxh4+ 45. Kg1 Qh5 46. Qc8+ Kh7 47. e6 Qg4 48. Qc4 f3 49. g3 Qxg3+ 50. Kf1 Qe5 51. Kf2 Kg6 52. Qc8 Qc5+ 0-1

[Event "Guernsey Holiday op"]
[Site "Grand Harve Bay"]
[Date "2006.10.15"]
[Round "1"]
[White "Gibson, John"]
[Black "O'Connor, Jonathan"]
[Result "1-0"]
[WhiteElo "1744"]
[BlackElo "1605"]
[PlyCount "43"]
[EventDate "2006.10.15"]
[EventType "swiss"]
[EventRounds "7"]
[EventCountry "GCI"]
[SourceTitle "EXT 2008"]
[Source "ChessBase"]
[SourceDate "2007.11.25"]
[SourceVersion "1"]
[SourceVersionDate "2007.11.25"]
[SourceQuality "1"]

1. d4 c5 2. d5 d6 3. e4 Nd7 4. Nf3 Nb6 5. a4 a5 6. Nc3 Nf6 7. h3 g6 8. Bg5 Bg7 9. Qd2 0-0 10. Be2 Bd7 11. 0-0 Qc7 12. Rfe1 Rfd8 13. Bf1 Be8 14. Nb5 Bxb5 15. Bxb5 Kf8 16. c4 Nfd7 17. Rad1 Nb8 18. Bh6 Na6 19. Qc3 f6 20. Ng5 Bxh6 21. Ne6+ Kf7 22. Nxc7 1-0

[Event "Wuerttemberg-ch Seniors 18th"]
[Site "Freudenstadt"]
[Date "2006.05.08"]
[Round "5"]
[White "Schlemminger, Degenhard"]
[Black "Gibson, John"]
[Result "0-1"]
[WhiteElo "1684"]
[BlackElo "1886"]
[PlyCount "94"]
[EventDate "2006.05.04"]
[EventType "swiss"]
[EventRounds "9"]
[EventCountry "GER"]
[SourceTitle "EXT 2007"]
[Source "ChessBase"]
[SourceDate "2006.11.23"]
[SourceVersion "1"]
[SourceVersionDate "2006.11.23"]
[SourceQuality "1"]

1. d4 Nf6 2. Nf3 g6 3. Bf4 c5 4. c3 cxd4 5. cxd4 Nc6 6. e3 Qb6 7. Qd2 Ne4 8. Qc2 d5 9. a3 Bf5 10. Bd3 Rc8 11. Nc3 Qa5 12. 0-0 Qd8 13. Rac1 Bg7 14. Nh4 e6 15. Nxf5 gxf5 16. Nxe4 fxe4 17. Bb5 0-0 18. Qa4 e5 19. dxe5 Nxe5 20. Rxc8 Qxc8 21. Rd1 a6 22. Bf1 b5 23. Qb3 Nc4 24. Bxc4 dxc4 25. Qc2 Rd8 26. Rxd8+ Qxd8 27. h3 Qd3 28. Qc1 c3 29. bxc3 Qxc3 30. Qxc3 Bxc3 31. Kf1 a5 32. Ke2 b4 33. a4 Kf8 34. Kd1 b3 35. Bd6+ Ke8 36. f3 Kd7 37. Ba3 Ke6 38. Kc1 Kd5 39. Bb2 Kc4 40. fxe4 Bxb2+ 41. Kxb2 Kb4 42. g4 Kxa4 43. h4 Kb4 44. g5 a4 45. e5 a3+ 46. Kb1 Kc3 47. h5 a2+ 0-1

[Event "Wuerttemberg-ch Seniors 18th"]
[Site "Freudenstadt"]
[Date "2006.05.06"]
[Round "3"]
[White "Petroschka, Bernd"]
[Black "Gibson, John"]
[Result "1/2-1/2"]
[WhiteElo "1758"]
[BlackElo "1886"]
[PlyCount "75"]
[EventDate "2006.05.04"]
[EventType "swiss"]
[EventRounds "9"]
[EventCountry "GER"]
[SourceTitle "EXT 2007"]
[Source "ChessBase"]
[SourceDate "2006.11.23"]
[SourceVersion "1"]
[SourceVersionDate "2006.11.23"]
[SourceQuality "1"]

1. d4 Nf6 2. c4 g6 3. Nc3 Bg7 4. e4 d6 5. Nf3 0-0 6. Be2 Nc6 7. d5 Nb8 8. 0-0 c5 9. h3 a6 10. Be3 b6 11. Qd2 Bd7 12. Bh6 b5 13. Bxg7 Kxg7 14. Qc2 b4 15. Nd1 a5 16. a4 Nh5 17. Qd2 Qc7 18. Nh2 Nf6 19. Qe3 Ng8 20. f4 f5 21. e5 e6 22. Nf3 Ra6 23. Nf2 Re8 24. b3 Rb6 25. Rad1 h6 26. Rfe1 Bc8 27. exd6 Rxd6 28. Bf1 Nf6 29. dxe6 Rdxe6 30. Qc1 Bb7 31. Rxe6 Rxe6 32. Ne5 Nc6 33. Nxc6 Bxc6 34. Nd3 Ne4 35. Ne5 Be8 36. Qe3 Rd6 37. Rxd6 Qxd6 38. Qd3 1/2-1/2

[Event "Wuerttemberg-ch Seniors 18th"]
[Site "Freudenstadt"]
[Date "2006.05.04"]
[Round "1"]
[White "Pohl, Manfred"]
[Black "Gibson, John"]
[Result "1/2-1/2"]
[WhiteElo "1662"]
[BlackElo "1886"]
[PlyCount "55"]
[EventDate "2006.05.04"]
[EventType "swiss"]
[EventRounds "9"]
[EventCountry "GER"]
[SourceTitle "EXT 2007"]
[Source "ChessBase"]
[SourceDate "2006.11.23"]
[SourceVersion "1"]
[SourceVersionDate "2006.11.23"]
[SourceQuality "1"]

1. b3 b6 2. Bb2 Bb7 3. e3 e6 4. Nf3 Nf6 5. c4 Nc6 6. Be2 Be7 7. 0-0 0-0 8. d3 Ne8 9. Nbd2 f5 10. a3 Bf6 11. Qc2 Bxb2 12. Qxb2 d6 13. d4 Qf6 14. Rab1 Ne7 15. Qc2 Ng6 16. b4 e5 17. dxe5 dxe5 18. c5 Kh8 19. Rbc1 Rd8 20. Rfd1 e4 21. Nd4 Ne5 22. c6 Bc8 23. Nc4 Nxc6 24. Nxc6 Rxd1+ 25. Qxd1 Qxc6 26. Ne5 Qf6 27. Qd4 Qe7 28. Nc6 1/2-1/2

[Event "Rohde op 05th"]
[Site "Sautron"]
[Date "2005.10.28"]
[Round "7"]
[White "Gibson, John"]
[Black "Bannink, Bernard"]
[Result "0-1"]
[WhiteElo "1942"]
[BlackElo "2306"]
[PlyCount "46"]
[EventDate "2005.10.22"]
[EventType "swiss"]
[EventRounds "9"]
[EventCountry "FRA"]
[SourceTitle "EXT 2006"]
[Source "ChessBase"]
[SourceDate "2005.11.24"]
[SourceVersion "1"]
[SourceVersionDate "2005.11.24"]
[SourceQuality "1"]

1. d4 d5 2. Nf3 Nf6 3. e3 c6 4. Bd3 c5 5. c3 b6 6. Qe2 Bb7 7. Ne5 Nbd7 8. f4 g6 9. 0-0 Bg7 10. Nd2 0-0 11. Ndf3 Nxe5 12. fxe5 Nd7 13. Bd2 f6 14. exf6 Bxf6 15. e4 e5 16. Bh6 Re8 17. dxe5 Bxe5 18. Nxe5 Nxe5 19. Qf3 Qh4 20. Qh3 Qxh3 21. gxh3 c4 22. Be2 b5 23. Rf7 Kxf7 0-1

[Event "Rohde op 04th"]
[Site "Sautron "]
[Date "2004.10.31"]
[Round "9"]
[White "Gibson, John"]
[Black "Peric, Slavisa"]
[Result "0-1"]
[WhiteElo "1976"]
[BlackElo "2276"]
[PlyCount "94"]
[EventDate "2004.10.23"]
[EventType "swiss"]
[EventRounds "9"]
[EventCountry "FRA"]
[SourceTitle "EXT 2006"]
[Source "ChessBase"]
[SourceDate "2005.11.24"]
[SourceVersion "1"]
[SourceVersionDate "2005.11.24"]
[SourceQuality "1"]

1. d4 d5 2. Nf3 Nf6 3. e3 g6 4. Bd3 Bg7 5. Nbd2 0-0 6. 0-0 b6 7. Qe2 c5 8. c3 Nc6 9. Rb1 Qc7 10. dxc5 bxc5 11. b4 cxb4 12. cxb4 a5 13. a3 axb4 14. axb4 Qd6 15. Bb2 Nd7 16. Bxg7 Kxg7 17. e4 e6 18. b5 Nb4 19. e5 Qe7 20. Nd4 Bb7 21. N2f3 Ra3 22. Rb3 Nxd3 23. Rxd3 Rc8 24. Rxa3 Qxa3 25. h4 h6 26. Qd2 Nc5 27. Qf4 Ne4 28. Re1 Qe7 29. Rc1 Rxc1+ 30. Qxc1 Qc5 31. Qf4 Qb4 32. g3 Qb2 33. Qe3 Bc8 34. Kg2 Bd7 35. b6 Qxb6 36. Nd2 Nc5 37. N4b3 Na4 38. Qf4 Qd8 39. Qb4 Nb6 40. Nc5 Bc6 41. Qf4 Qe7 42. Qd4 Qd8 43. Nde4 Nc4 44. f4 Qb6 45. Nc3 Qb2+ 46. Kh3 Qc1 47. Ne2 Qf1+ 0-1

[Event "FRA-ch Veterans"]
[Site "Val d'Isere"]
[Date "2002.08.??"]
[Round "2.2"]
[White "Weill, Roland"]
[Black "Gibson, John"]
[Result "1-0"]
[WhiteElo "2251"]
[BlackElo "1900"]
[PlyCount "61"]
[EventDate "2002.08.20"]
[EventType "swiss"]
[EventRounds "11"]
[EventCountry "FRA"]
[SourceTitle "EXT 2003"]
[Source "ChessBase"]
[SourceDate "2002.11.25"]
[SourceVersion "1"]
[SourceVersionDate "2002.11.25"]
[SourceQuality "1"]

1. e4 d6 2. d4 Nf6 3. Nc3 g6 4. Nf3 Bg4 5. Be2 a6 6. 0-0 b5 7. h3 b4 8. e5 bxc3 9. exf6 Bxf3 10. Bxf3 d5 11. fxe7 Bxe7 12. bxc3 0-0 13. Re1 c6 14. Qd3 Nd7 15. c4 Nb6 16. cxd5 cxd5 17. Bd2 a5 18. Rab1 Re8 19. Rb5 Qd6 20. Reb1 Bd8 21. Bxa5 Bc7 22. g3 Rxa5 23. Rxa5 Qe6 24. Kg2 h5 25. h4 Rd8 26. Ra6 Rd6 27. a4 Nc4 28. Rxd6 Nxd6 29. Qc3 Nc4 30. Rb5 Bxg3 31. Bxd5 1-0